King of the dark chamber. (Record no. 214075)

MARC details
000 -LEADER
fixed length control field 00362nam a2200145Ia 4500
008 - FIXED-LENGTH DATA ELEMENTS--GENERAL INFORMATION
fixed length control field 210719s1923 xx 000 0 und d
041 ## - LANGUAGE CODE
Language code of text/sound track or separate title eng
082 ## - DEWEY DECIMAL CLASSIFICATION NUMBER
Classification number 820.22 TAGK
100 ## - MAIN ENTRY--PERSONAL NAME
Personal name TAGORE (Rabindranath)
245 ## - TITLE STATEMENT
Title King of the dark chamber.
260 ## - PUBLICATION, DISTRIBUTION, ETC.
Place of publication, distribution, etc. London
Name of publisher, distributor, etc. Macmillan & Co. Ltd.
Date of publication, distribution, etc. 1923
300 ## - PHYSICAL DESCRIPTION
Extent 200
Other physical details HB
365 ## - TRADE PRICE
Currency code Rs
650 ## - SUBJECT ADDED ENTRY--TOPICAL TERM
Topical term or geographic name entry element English Drama
Holdings
Withdrawn status Lost status Damaged status Not for loan Collection code Home library Current library Date acquired Total Checkouts Full call number Barcode Date last seen Price effective from Koha item type Source of classification or shelving scheme Public note
      Restricted Book   St Aloysius Library St Aloysius Library 07/19/2006   820.22 TAGK D02686 07/19/2021 07/19/2021 Donated Books    
        English St Aloysius Library St Aloysius Library 12/13/2014   820.22 TAGK D05610 01/21/2023 01/21/2023 Donated Books Dewey Decimal Classification Donated by V. T. Rajshekar